[Event "Mumbai Wealth op 5th"]
[Site "Mumbai"]
[Date "2020.01.03"]
[Round "5"]
[White "Utsab, Chatterjee"]
[Black "Ghelani, Dhairya"]
[Result "1-0"]
[WhiteElo "2200"]
[BlackElo "2027"]
[PlyCount "76"]
[EventDate "2019.12.30"]
[EventType "swiss"]
[EventRounds "9"]
[EventCountry "IND"]
[SourceTitle "CBM 194 Extra"]
[Source "ChessBase"]
[SourceDate "2020.03.31"]
[SourceVersion "1"]
[SourceVersionDate "2020.03.31"]
[SourceQuality "1"]

1. e4 c5 2. Nf3 d6 3. d4 cxd4 4. Nxd4 Nf6 5. Nc3 a6 6. Bd3 e5 7. Nde2 Be7 8. 0-0 0-0 9. f4 Nbd7 10. Kh1 b6 11. Ng3 Bb7 12. Qe2 Re8 13. Nf5 Bf8 14. fxe5 dxe5 15. Bg5 b5 16. Rad1 Qb6 17. a4 b4 18. Nb1 Nc5 19. Nh6+ gxh6 20. Bxf6 Bc8 21. Bc4 Ra7 22. Qe3 Bg4 23. Qg3 h5 24. Rde1 Ne6 25. h3 Nf4 26. Bxe5 Ng6 27. Bf6 Be6 28. Bd3 b3 29. cxb3 Qxb3 30. Nd2 Qxa4 31. Nf3 Bg7 32. Bxg7 Kxg7 33. Nh4 Qd4 34. Nf5+ Bxf5 35. exf5 h4 36. Qf3 Ne5 37. f6+ Kh8 38. Qf5 Ng6 1-0

[Event "Barbera del Valles op 41st"]
[Site "Barbera del Valles"]
[Date "2018.07.11"]
[Round "8"]
[White "Ghelani, Dhairya"]
[Black "Deepak, Katiyar"]
[Result "1/2-1/2"]
[WhiteElo "1778"]
[BlackElo "2108"]
[PlyCount "120"]
[EventDate "2018.07.04"]
[EventType "swiss"]
[EventRounds "9"]
[EventCountry "ESP"]
[SourceTitle "CBM 185 Extra"]
[Source "ChessBase"]
[SourceDate "2018.07.29"]
[SourceVersion "1"]
[SourceVersionDate "2018.07.29"]
[SourceQuality "1"]

1. Nf3 Nf6 2. g3 e6 3. Bg2 d5 4. 0-0 Be7 5. d3 0-0 6. Nbd2 c5 7. e4 Nc6 8. Qe2 Rb8 9. c4 dxc4 10. dxc4 e5 11. h3 a6 12. b3 b5 13. Bb2 Bd6 14. Rad1 Qe7 15. Nh4 g6 16. Qe3 Nh5 17. Qh6 Nd4 18. Bxd4 exd4 19. Nf5 Bxf5 20. exf5 Be5 21. Rfe1 Qc7 22. fxg6 fxg6 23. Qg5 Rf5 24. Qg4 Bg7 25. Re6 Rbf8 26. f4 Qa5 27. Be4 R5f6 28. Bd5 Kh8 29. Ne4 Rxe6 30. Qxe6 Nf6 31. Nxf6 Bxf6 32. Qe2 Qc3 33. Rd3 Qc1+ 34. Rd1 Qc3 35. Rd3 Qc1+ 36. Rd1 Qe3+ 37. Qxe3 dxe3 38. Kf1 Bd4 39. Ke2 b4 40. Rf1 a5 41. Bc6 Rf6 42. Bb5 Kg7 43. Ba4 Rd6 44. Bb5 Rd8 45. Bc6 h5 46. g4 hxg4 47. hxg4 Rf8 48. g5 Rc8 49. Bd5 Rf8 50. Bc6 Rb8 51. Rh1 Rf8 52. Rf1 Rc8 53. Bd5 Rb8 54. Bc6 Rb6 55. Bb5 Rd6 56. Rd1 Kf7 57. Rh1 Bc3 58. Kxe3 Bd2+ 59. Kf3 Rd3+ 60. Ke2 Rd4 1/2-1/2

[Event "Mumbai Wealth op 3rd"]
[Site "Mumbai"]
[Date "2018.01.07"]
[Round "9"]
[White "Ghelani, Dhairya"]
[Black "Ilamparthi, AR."]
[Result "1-0"]
[WhiteElo "1809"]
[BlackElo "1572"]
[PlyCount "121"]
[EventDate "2017.12.30"]
[EventType "swiss"]
[EventRounds "9"]
[EventCountry "IND"]
[SourceTitle "CBM 182 Extra"]
[Source "ChessBase"]
[SourceDate "2018.02.23"]
[SourceVersion "1"]
[SourceVersionDate "2018.02.23"]
[SourceQuality "1"]

1. d4 Nf6 2. c4 g6 3. Nc3 Bg7 4. e4 d6 5. Nf3 0-0 6. Be2 e5 7. 0-0 Nc6 8. d5 Ne7 9. Nd2 Ne8 10. b4 f5 11. a4 Nf6 12. Ba3 a5 13. c5 Kh8 14. cxd6 cxd6 15. bxa5 Rxa5 16. Nc4 Ra6 17. f3 Rf7 18. Nb5 Ne8 19. Bb4 f4 20. a5 g5 21. Rc1 h5 22. Nb6 Rxb6 23. axb6 Qxb6+ 24. Kh1 Bd7 25. Qd3 g4 26. Be1 Ng6 27. Bf2 Qd8 28. Nc3 Qg5 29. Qd2 Nh4 30. Rg1 Bf6 31. Qe1 Ng6 32. g3 Rh7 33. h4 Qh6 34. Rb1 gxf3 35. Bxf3 Bg4 36. Be2 fxg3 37. Bxg3 Nf4 38. Bf1 Bf3+ 39. Kh2 Rg7 40. Qf2 Bg4 41. Bg2 Nd3 42. Qc2 Qe3 43. Bf1 Nc5 44. Re1 Qd4 45. Bf2 Qb4 46. Ra1 Rc7 47. Ra8 Bc8 48. Nb5 Nxe4 49. Nxc7 Nxf2 50. Qxf2 Qxh4+ 51. Qxh4 Bxh4 52. Rxc8 Bf2 53. Rxe8+ Kh7 54. Rg5 h4 55. Bd3+ e4 56. Bxe4+ Kh6 57. Rg6+ Kh7 58. Rf6+ Kg7 59. Rxf2 Kh6 60. Rg2 Kh5 61. Rh8# 1-0

[Event "Mumbai Wealth op 3rd"]
[Site "Mumbai"]
[Date "2018.01.01"]
[Round "3"]
[White "Ghelani, Dhairya"]
[Black "Deepan Chakkravarthy, J."]
[Result "0-1"]
[WhiteElo "1809"]
[BlackElo "2473"]
[PlyCount "116"]
[EventDate "2017.12.30"]
[EventType "swiss"]
[EventRounds "9"]
[EventCountry "IND"]
[SourceTitle "CBM 182 Extra"]
[Source "ChessBase"]
[SourceDate "2018.02.23"]
[SourceVersion "1"]
[SourceVersionDate "2018.02.23"]
[SourceQuality "1"]

1. d4 Nf6 2. c4 e6 3. Nc3 Bb4 4. e3 0-0 5. Nge2 Re8 6. a3 Bf8 7. Nf4 d6 8. Bd3 c6 9. 0-0 a5 10. f3 e5 11. Nfe2 Nbd7 12. Bd2 g6 13. b4 h5 14. Qc2 Bg7 15. d5 axb4 16. axb4 Rxa1 17. Rxa1 cxd5 18. cxd5 e4 19. fxe4 Ne5 20. Nd4 Nfg4 21. h3 Nxd3 22. Qxd3 Ne5 23. Qe2 Bd7 24. b5 Qc7 25. b6 Qxb6 26. Rb1 Qa6 27. Ncb5 Rc8 28. Bb4 Bxb5 29. Qxb5 Bh6 30. Bd2 Nc4 31. Rc1 Qxb5 32. Nxb5 Rc5 33. Rxc4 Rxc4 34. Nxd6 Rc2 35. Bb4 Bxe3+ 36. Kf1 Bf4 37. Ne8 Be5 38. d6 Rc8 39. Ba5 Rxe8 40. d7 Ra8 41. d8Q+ Rxd8 42. Bxd8 Kf8 43. Ke2 Ke8 44. Ba5 Kd7 45. Kd3 Kc6 46. Kc4 b5+ 47. Kd3 Kc5 48. Bd2 b4 49. Be3+ Kb5 50. g4 hxg4 51. hxg4 b3 52. Bf2 Kb4 53. Be3 Ka3 54. Bc1+ Ka2 55. Kc4 g5 56. Kd5 Bf4 57. Bxf4 gxf4 58. e5 f3 0-1